| 000 | 00378nam a22001577a 4500 | ||
|---|---|---|---|
| 003 | SGT | ||
| 020 | _a9788121928847 | ||
| 082 |
_a615.01 _bE23S |
||
| 100 | _aSHARMA, Y.R. | ||
| 245 | _aELEMENTRYB ORGANIC SPECTROSCOPY | ||
| 260 |
_aU.P. _bS. CHAND & COM, _c2023 |
||
| 300 | _a369 | ||
| 650 | _aSPECTROSCOPY | ||
| 653 | _aELEMENTRYB, ORGANIC, SPECTROSCOPY | ||
| 942 |
_2ddc _cBK _010 |
||
| 999 |
_c26444 _d26444 |
||